000 00488nam a22001697a 4500
003 OSt
005 20260318101315.0
008 260318b |||||||| |||| 00| 0 eng d
040 _cMRSPTU
041 _aEnglish
100 _aSarpreet Singh, Supervisor: Bohar Singh
245 _aGround Improvement Techniques
260 _bDepartment of Civil Engg. MRSPTU, Bathinda
_c2008
650 _aEnglish
856 _uhttp://163.47.215.52:8080/jspui/handle/123456789/1212
942 _2ddc
_cTH
_n0
999 _c11178
_d11178